01149nam a22001937a 4500008004100000020001500041050002300056100002400079245010800103250001700211260003400228300001800262500006000280504003300340505049300373650003400866700002400900700003100924140327s2013 mx ||||| |||| 00| 0 spa d a968240547504aHF5548.8bK19 201310aKatz, Danieleautor13aPsicología social de las organizaciones c / Daniel Katz, Robert L. Kahn ; traductor Federico Patán a2a edición aMéxicob : Trillasc , 2013 a547 páginas aTraducción de: the social Psychology of organizations aBibliografía (pp. 519-535) aPunto de partida Las organizaciones y el concepto de sistema Características que definen las organizaciones sociales Desenvolvimiento de las estructuras organizacionales Una tipología de las organizaciones El concepto de efectividad organizacional La adopción del papel en la organización Poder y autoridad Comunidad: el flujo de información Formulación de políticas y toma de decisiones Liderazgo Bases psicológicas de la efectividad organizacional Cambio organizacional 10aCOMPORTAMIENTO ORGANIZACIONAL aI. Kahn, L., coaut. aII. Patán, Federico, tr.